[Event "IECC 2014-1.12"]
[Site "IECC email"]
[Date "2014.01.05"]
[Round "?"]
[White "Servera, Jaime"]
[Black "Futida, Souitiro"]
[Result "1-0"]
[WhiteElo "1823"]
[BlackElo "2037"]
[PlyCount "107"]
[EventDate "2014.??.??"]
[EventType "tourn (corr)"]
[SourceTitle "Corr 2020"]
[Source "ChessBase"]
[SourceDate "2019.09.30"]
[SourceVersion "1"]
[SourceVersionDate "2019.09.30"]
[SourceQuality "1"]
[WhiteTeam "Spain"]
[BlackTeam "Brazil"]
[WhiteTeamCountry "ESP"]
[BlackTeamCountry "BRA"]

1. e4 c5 2. Nf3 e6 3. d4 cxd4 4. Nxd4 Nc6 5. Nc3 Qc7 6. f4 a6 7. Be2 Bc5 8. Be3 d6 9. Qd2 Nf6 10. Nxc6 Bxe3 11. Qxe3 bxc6 12. 0-0-0 Rb8 13. e5 Nd5 14. Nxd5 cxd5 15. Rxd5 Qb7 16. Rxd6 Qxb2+ 17. Kd2 0-0 18. Qc3 Qb7 19. Bf3 Qb5 20. Ra1 Bb7 21. a4 Qe8 22. Bxb7 Rxb7 23. Rxa6 Qe7 24. a5 Rc7 25. Rc6 Qd7+ 26. Rd6 Qc8 27. Qb3 Qa8 28. Qf3 Qb8 29. a6 Qb4+ 30. Ke2 Rc3 31. Rd3 Rxd3 32. Qxd3 Qxf4 33. Qe3 Qxh2 34. Qe4 f5 35. exf6 Qh5+ 36. Ke3 Qg5+ 37. Qf4 Qc5+ 38. Qd4 Qc7 39. Kf2 e5 40. Qd5+ Kh8 41. Ra2 Qb6+ 42. Ke2 Qxf6 43. a7 Qf1+ 44. Kd2 Qf4+ 45. Kd3 e4+ 46. Kc3 Rc8+ 47. Kb4 e3+ 48. c4 Qf8+ 49. c5 Ra8 50. Qe4 e2 51. Qxe2 Qf4+ 52. Kb5 Qf5 53. Ra5 Qb1+ 54. Ka6 1-0

[Event "IECC Swiss-568.2"]
[Site "IECC email"]
[Date "2013.09.22"]
[Round "?"]
[White "Romanelli, Gabriel Adrian"]
[Black "Servera, Jaime"]
[Result "1/2-1/2"]
[WhiteElo "2125"]
[BlackElo "1790"]
[PlyCount "47"]
[EventDate "2013.??.??"]
[EventType "swiss (corr)"]
[EventRounds "1"]
[SourceTitle "Telechess CBM 165"]
[Source "ChessBase"]
[SourceDate "2015.03.11"]
[SourceVersion "1"]
[SourceVersionDate "2015.03.11"]
[SourceQuality "1"]
[WhiteTeam "Argentina"]
[BlackTeam "Spain"]
[WhiteTeamCountry "ARG"]
[BlackTeamCountry "ESP"]

1. d4 d5 2. c4 e6 3. Nf3 Nf6 4. g3 dxc4 5. Qa4+ Bd7 6. Qxc4 c5 7. Bg2 Nc6 8. 0-0 b5 9. Qd3 Rc8 10. dxc5 Bxc5 11. Nc3 Nb4 12. Qd1 0-0 13. Ne5 Nbd5 14. Bg5 Nxc3 15. bxc3 Be8 16. Qxd8 Rxd8 17. Nd3 Be7 18. Be3 a6 19. Bc5 Nd5 20. Bxd5 Bxc5 21. Nxc5 Rxd5 22. Nxa6 Rd2 23. Rfe1 Rc2 24. Nc7 1/2-1/2

[Event "IECC KO-3087"]
[Site "IECC email"]
[Date "2013.05.22"]
[Round "?"]
[White "Servera, Jaime"]
[Black "Blackman, Leon"]
[Result "1-0"]
[WhiteElo "1731"]
[BlackElo "1827"]
[PlyCount "69"]
[EventDate "2013.??.??"]
[EventType "match (corr)"]
[EventRounds "2"]
[SourceTitle "Telechess CBM 165"]
[Source "ChessBase"]
[SourceDate "2015.03.11"]
[SourceVersion "1"]
[SourceVersionDate "2015.03.11"]
[SourceQuality "1"]
[WhiteTeam "Spain"]
[BlackTeam "Australia"]
[WhiteTeamCountry "ESP"]
[BlackTeamCountry "AUS"]

1. d4 Nf6 2. c4 g6 3. Nc3 Bg7 4. e4 d6 5. Nf3 0-0 6. Be2 e5 7. Be3 exd4 8. Nxd4 c6 9. 0-0 Re8 10. f3 d5 11. cxd5 Nxd5 12. Nxd5 cxd5 13. Rc1 a6 14. Qb3 dxe4 15. fxe4 Rf8 16. Rxf7 Rxf7 17. Rf1 Bf6 18. e5 Nd7 19. e6 Ne5 20. exf7+ Kg7 21. Ne6+ Bxe6 22. Qxe6 Nxf7 23. Bc4 Ng5 24. Bxg5 Bxg5 25. Rf7+ Kh6 26. Qh3+ Bh4 27. Rf4 Kg7 28. Rxh4 h5 29. Qc3+ Kh6 30. Rf4 Qb6+ 31. Kh1 Re8 32. h4 Qe3 33. Qf6 Qe1+ 34. Kh2 Qe5 35. Bd3 1-0

[Event "IECC Swiss-568.1"]
[Site "IECC email"]
[Date "2013.05.08"]
[Round "?"]
[White "Servera, Jaime"]
[Black "Naniwadekar, Mihir"]
[Result "1-0"]
[WhiteElo "1703"]
[BlackElo "1913"]
[PlyCount "23"]
[EventDate "2013.??.??"]
[EventType "swiss (corr)"]
[EventRounds "1"]
[SourceTitle "Corr 2020"]
[Source "ChessBase"]
[SourceDate "2019.09.30"]
[SourceVersion "1"]
[SourceVersionDate "2019.09.30"]
[SourceQuality "1"]
[WhiteTeam "Spain"]
[BlackTeam "India"]
[WhiteTeamCountry "ESP"]
[BlackTeamCountry "IND"]

1. d4 Nf6 2. c4 c5 3. d5 b5 4. Nf3 Bb7 5. Qb3 Qb6 6. Nc3 bxc4 7. Qd1 d6 8. e4 Nbd7 9. Nd2 g6 10. Nxc4 Qd8 11. f4 Nb6 12. Na5 1-0

[Event "IECC CL4-2013.02 email"]
[Site "IECC email"]
[Date "2013.04.24"]
[Round "?"]
[White "Hargreaves, John Richard"]
[Black "Servera, Jaime"]
[Result "0-1"]
[WhiteElo "1723"]
[BlackElo "1751"]
[PlyCount "60"]
[EventDate "2013.??.??"]
[EventType "tourn (corr)"]
[EventRounds "4"]
[SourceTitle "Telechess CBM 165"]
[Source "ChessBase"]
[SourceDate "2015.03.11"]
[SourceVersion "1"]
[SourceVersionDate "2015.03.11"]
[SourceQuality "1"]
[WhiteTeam "England"]
[BlackTeam "Spain"]
[WhiteTeamCountry "ENG"]
[BlackTeamCountry "ESP"]

1. e4 e5 2. Nf3 Nc6 3. Bb5 a6 4. Ba4 Nf6 5. 0-0 Be7 6. Nc3 b5 7. Bb3 d6 8. a4 b4 9. Nd5 Bg4 10. Nxf6+ Bxf6 11. Bd5 Qd7 12. c3 0-0 13. Bxc6 Qxc6 14. Nxe5 Bxe5 15. Qxg4 Rae8 16. f3 Bf6 17. Rd1 d5 18. exd5 Qxd5 19. Qxb4 Re2 20. d3 Rfe8 21. h3 h5 22. Rf1 Rc2 23. Kh1 Ree2 24. Qe4 Rxg2 25. Re1 Rh2+ 26. Kg1 Rcg2+ 27. Kf1 Qb3 28. Qe8+ Kh7 29. Qe4+ g6 30. Qf4 Be5 0-1

[Event "IECC CL4-2013.02 email"]
[Site "IECC email"]
[Date "2013.04.24"]
[Round "?"]
[White "Mauro, Danilo"]
[Black "Servera, Jaime"]
[Result "1/2-1/2"]
[WhiteElo "1815"]
[BlackElo "1727"]
[PlyCount "180"]
[EventDate "2013.??.??"]
[EventType "tourn (corr)"]
[EventRounds "4"]
[SourceTitle "Telechess CBM 165"]
[Source "ChessBase"]
[SourceDate "2015.03.11"]
[SourceVersion "1"]
[SourceVersionDate "2015.03.11"]
[SourceQuality "1"]
[WhiteTeam "Italy"]
[BlackTeam "Spain"]
[WhiteTeamCountry "ITA"]
[BlackTeamCountry "ESP"]

1. e4 e5 2. Nf3 Nc6 3. Bb5 a6 4. Bxc6 dxc6 5. 0-0 Qd6 6. d3 Ne7 7. Be3 Ng6 8. Nbd2 Be7 9. Nc4 Qe6 10. Ng5 Qg4 11. Qxg4 Bxg4 12. h3 Bd7 13. Nf3 f6 14. d4 exd4 15. Nxd4 0-0-0 16. Nf5 Be6 17. Nxe7+ Nxe7 18. Nd2 c5 19. Rfd1 b6 20. Nf1 Nc6 21. a3 f5 22. exf5 Bxf5 23. c3 Bd3 24. Bg5 Rd7 25. Ne3 c4 26. Re1 Rf8 27. f3 Kb7 28. Kf2 h6 29. Bh4 g5 30. Bg3 h5 31. Rad1 Rff7 32. Bh2 a5 33. g4 hxg4 34. hxg4 a4 35. Ng2 Rd5 36. Re3 Rb5 37. Rd2 Na5 38. Kg3 Nb3 39. Rf2 Rd5 40. Re6 Nc5 41. Re8 Bg6 42. Rfe2 Rd3 43. R8e3 Rd1 44. Re1 Bc2 45. Rxd1 Bxd1 46. Ne1 Rd7 47. Ng2 Rd2 48. Bg1 Nd3 49. f4 Nxf4 50. Nxf4 gxf4+ 51. Kxf4 Bxg4 52. Kxg4 Rxb2 53. Kf5 Rb3 54. Ke5 Rxa3 55. Kd4 Ra1 56. Bh2 a3 57. Re2 Rb1 58. Bf4 Rb2 59. Re1 a2 60. Ra1 Re2 61. Bg3 c5+ 62. Kxc4 Rb2 63. Kd3 b5 64. Be5 c4+ 65. Kd4 Kb6 66. Kd5 Ka5 67. Bd6 Ka4 68. Kc6 Rd2 69. Bf4 Re2 70. Bd6 Rg2 71. Bb4 Rg6+ 72. Kc5 Rg5+ 73. Kc6 Kb3 74. Rh1 Rf5 75. Rg1 Re5 76. Rh1 Rh5 77. Rg1 Ka4 78. Ra1 Rh2 79. Bd6 Rc2 80. Bb4 Rg2 81. Bd6 Rb2 82. Bc5 Rc2 83. Bb4 Rg2 84. Bd6 Rf2 85. Bb4 Rf6+ 86. Kc5 Rf5+ 87. Kc6 Kb3 88. Re1 Rf7 89. Kxb5 Rb7+ 90. Kc5 Ra7 1/2-1/2

[Event "IECC CL4-2013.02 email"]
[Site "IECC email"]
[Date "2013.04.24"]
[Round "?"]
[White "Servera, Jaime"]
[Black "Bennett, Gary"]
[Result "1-0"]
[WhiteElo "1781"]
[BlackElo "1632"]
[PlyCount "105"]
[EventDate "2013.??.??"]
[EventType "tourn (corr)"]
[EventRounds "4"]
[SourceTitle "Telechess CBM 165"]
[Source "ChessBase"]
[SourceDate "2015.03.11"]
[SourceVersion "1"]
[SourceVersionDate "2015.03.11"]
[SourceQuality "1"]
[WhiteTeam "Spain"]
[BlackTeam "Australia"]
[WhiteTeamCountry "ESP"]
[BlackTeamCountry "AUS"]

1. e4 c5 2. Nf3 Nc6 3. Bb5 g6 4. 0-0 Bg7 5. Re1 e5 6. d3 d6 7. Nc3 Nge7 8. Bc4 0-0 9. a4 a6 10. Be3 Bg4 11. h3 Be6 12. Bxe6 fxe6 13. Ne2 b6 14. c3 d5 15. Qd2 d4 16. Bg5 Qd7 17. Bh6 Qd6 18. Qg5 Rf7 19. Bxg7 Kxg7 20. Qg3 Raf8 21. Rac1 dxc3 22. bxc3 Qxd3 23. Rcd1 Qc4 24. Nxe5 Nxe5 25. Qxe5+ Kg8 26. f3 Nc6 27. Qd6 Rd8 28. Qxc6 Rxd1 29. Rxd1 Qxe2 30. Rf1 Qe3+ 31. Kh1 Qxc3 32. Qxb6 Qc4 33. Rd1 Qxa4 34. Rd8+ Kg7 35. Qxe6 Qa1+ 36. Kh2 a5 37. Qe8 Qf6 38. Qh8+ Kh6 39. Qxf6 Rxf6 40. Ra8 Rc6 41. Rxa5 Kg5 42. Kg3 Kf6 43. Kf4 Ke6 44. Ke3 Kd6 45. f4 Rb6 46. Ra3 Rb4 47. g4 Rb7 48. Ra6+ Kd7 49. f5 gxf5 50. gxf5 Rb3+ 51. Kf4 c4 52. e5 c3 53. e6+ 1-0

[Event "IECC KO-3065"]
[Site "IECC email"]
[Date "2010.05.27"]
[Round "?"]
[White "Wozniak, Zbigniew"]
[Black "Servera, Jaime"]
[Result "1-0"]
[WhiteElo "1990"]
[BlackElo "1702"]
[PlyCount "71"]
[EventDate "2009.??.??"]
[EventType "match (corr)"]
[EventRounds "2"]
[SourceTitle "Telechess CBM 149"]
[Source "ChessBase"]
[SourceDate "2012.07.17"]
[SourceVersion "1"]
[SourceVersionDate "2012.07.17"]
[SourceQuality "1"]
[WhiteTeam "Poland"]
[BlackTeam "Spain"]
[WhiteTeamCountry "POL"]
[BlackTeamCountry "ESP"]

1. e4 c5 2. Nf3 d6 3. d4 cxd4 4. Nxd4 Nf6 5. Nc3 Nc6 6. Bg5 e6 7. Qd2 Be7 8. 0-0-0 0-0 9. f4 h6 10. Bh4 Qa5 11. Nb3 Qh5 12. Qe1 e5 13. Be2 Bg4 14. Bxf6 Bxf6 15. Bxg4 Qxg4 16. Nd5 Bd8 17. h3 Qxg2 18. Rg1 Qxh3 19. Rd3 Qd7 20. Qg3 f5 21. Qg6 fxe4 22. Rh3 Rxf4 23. Nxf4 Qf7 24. Nd5 Qxg6 25. Rxg6 Bg5+ 26. Nd2 Rd8 27. Rxg5 hxg5 28. Nxe4 Rf8 29. Kd2 g4 30. Rg3 Re8 31. Rxg4 Rd8 32. c3 Na5 33. Kd3 Nc6 34. Rg1 b5 35. Nc7 Kf7 36. Ng5+ 1-0

[Event "IECC P-4536"]
[Site "IECC email"]
[Date "2009.04.09"]
[Round "?"]
[White "Dunn, Carl"]
[Black "Servera, Jaime"]
[Result "1-0"]
[WhiteElo "1756"]
[BlackElo "1706"]
[PlyCount "97"]
[EventDate "2009.??.??"]
[EventType "tourn (corr)"]
[EventRounds "1"]
[SourceTitle "Telechess CBM 137"]
[Source "ChessBase"]
[SourceDate "2010.07.15"]
[SourceVersion "1"]
[SourceVersionDate "2010.07.15"]
[SourceQuality "1"]
[WhiteTeam "US of America"]
[BlackTeam "Spain"]
[WhiteTeamCountry "USA"]
[BlackTeamCountry "ESP"]

1. d4 d5 2. Bg5 Nf6 3. Nc3 c5 4. e3 Nc6 5. Bb5 cxd4 6. Qxd4 e6 7. Nf3 Be7 8. 0-0 0-0 9. Qd2 a6 10. Bd3 Bd7 11. a3 Rc8 12. Rfe1 h6 13. Bf4 Nh5 14. e4 Nxf4 15. Qxf4 d4 16. Ne2 f6 17. e5 Qc7 18. Qe4 f5 19. Qf4 g5 20. Qg3 Qb6 21. b3 Be8 22. Qh3 Kg7 23. g4 Bg6 24. gxf5 exf5 25. Qg2 Rg8 26. Bc4 Rge8 27. h4 g4 28. Nf4 Bh7 29. Be6 Rcd8 30. Qg3 Kh8 31. Nd2 Qc7 32. Bd5 Bf8 33. Nc4 b5 34. e6 Rc8 35. Bxc6 Qxc6 36. Ne5 Qc7 37. Re2 Bg7 38. Nf7+ Kg8 39. Rae1 a5 40. b4 a4 41. Ne5 Qc3 42. Qg2 Bxe5 43. Rxe5 Qxc2 44. Qb7 Kh8 45. Qf7 Rf8 46. Ng6+ Bxg6 47. Qxg6 Qd2 48. e7 Rfe8 49. Re6 1-0

[Event "IECC KO-3065"]
[Site "IECC email"]
[Date "2009.04.08"]
[Round "?"]
[White "Servera, Jaime"]
[Black "Krunski, Jan Maria"]
[Result "1-0"]
[WhiteElo "1661"]
[BlackElo "1702"]
[PlyCount "67"]
[EventDate "2009.??.??"]
[EventType "match (corr)"]
[EventRounds "2"]
[SourceTitle "Corr 2011"]
[Source "ChessBase"]
[SourceDate "2010.08.31"]
[SourceVersion "1"]
[SourceVersionDate "2010.08.31"]
[SourceQuality "1"]
[WhiteTeam "Spain"]
[BlackTeam "Poland"]
[WhiteTeamCountry "ESP"]
[BlackTeamCountry "POL"]

1. e4 e5 2. Nf3 Nc6 3. Bc4 Nf6 4. d3 Bc5 5. Nc3 0-0 6. 0-0 d6 7. Bg5 Na5 8. Bxf6 Qxf6 9. Nd5 Qd8 10. b4 Nxc4 11. bxc5 Na5 12. Qd2 Nc6 13. cxd6 Qxd6 14. Rab1 Rb8 15. Qe3 f5 16. h3 f4 17. Qd2 Nd4 18. Nxd4 exd4 19. Qb4 Qxb4 20. Nxb4 c6 21. Nxc6 bxc6 22. Rxb8 f3 23. Rfb1 fxg2 24. Kxg2 g5 25. R8b4 Rd8 26. Rc4 Bd7 27. Rb7 a5 28. Kg3 Be6 29. Rxc6 Bxa2 30. Ra7 a4 31. Rxa4 Bf7 32. Ra5 Kf8 33. Rc7 Bg6 34. Rxg5 1-0

[Event "IECC CL4-2009.02 email"]
[Site "IECC email"]
[Date "2009.02.28"]
[Round "?"]
[White "Van't Hof, Gert"]
[Black "Servera, Jaime"]
[Result "0-1"]
[WhiteElo "1604"]
[BlackElo "1666"]
[PlyCount "40"]
[EventDate "2009.??.??"]
[EventType "tourn (corr)"]
[EventRounds "4"]
[SourceTitle "Corr 2011"]
[Source "ChessBase"]
[SourceDate "2010.08.31"]
[SourceVersion "1"]
[SourceVersionDate "2010.08.31"]
[SourceQuality "1"]
[WhiteTeam "Netherlands"]
[BlackTeam "Spain"]
[WhiteTeamCountry "NED"]
[BlackTeamCountry "ESP"]

1. e4 e5 2. Nf3 Nc6 3. Bb5 a6 4. Ba4 Nf6 5. 0-0 b5 6. Bb3 Bb7 7. c3 Nxe4 8. d4 Be7 9. Qe2 d5 10. dxe5 Qd7 11. Rd1 Na5 12. Bc2 Qf5 13. Nbd2 Nxc3 14. Bxf5 Nxe2+ 15. Kf1 Nxc1 16. Raxc1 c5 17. b4 cxb4 18. e6 g6 19. exf7+ Kxf7 20. Bh3 Bd6 0-1

[Event "IECC Swiss-524"]
[Site "IECC email"]
[Date "2008.01.21"]
[Round "?"]
[White "Hasan, Khandakar Kayes"]
[Black "Servera, Jaime"]
[Result "1/2-1/2"]
[WhiteElo "1774"]
[BlackElo "1608"]
[PlyCount "135"]
[EventDate "2008.??.??"]
[EventType "match (corr)"]
[SourceTitle "Corr 2013"]
[Source "ChessBase"]
[SourceDate "2012.11.12"]
[SourceVersion "1"]
[SourceVersionDate "2012.11.12"]
[SourceQuality "1"]
[WhiteTeam "US of America"]
[BlackTeam "Spanien"]
[WhiteTeamCountry "USA"]
[BlackTeamCountry "ESP"]

1. d4 Nf6 2. c4 e6 3. Nf3 d5 4. g3 dxc4 5. Bg2 Nc6 6. Qa4 Bb4+ 7. Bd2 Nd5 8. Bxb4 Ndxb4 9. Ne5 0-0 10. Bxc6 Nxc6 11. Nxc6 bxc6 12. Qxc4 Rb8 13. 0-0 Qd5 14. Qxd5 cxd5 15. Rc1 Rxb2 16. e3 Rb7 17. Rc5 Bd7 18. Nd2 Bb5 19. Nb3 Rc8 20. Rac1 c6 21. R5c3 Rb6 22. Nc5 Bc4 23. a3 Rd8 24. f4 Kf8 25. e4 Ke7 26. Kf2 Rb2+ 27. R3c2 Rxc2+ 28. Rxc2 Rb8 29. a4 h5 30. e5 Rb1 31. h3 Bf1 32. h4 Bc4 33. Ke3 Kf8 34. Kf3 Kg8 35. Rf2 Kh7 36. f5 exf5 37. Ke3 g6 38. Kf4 Kg7 39. Rc2 a6 40. Kf3 Rb4 41. Kf4 a5 42. Rc1 Ba2 43. Ke3 Kg8 44. Ra1 Bc4 45. Kd2 Kf8 46. Kc3 Ke7 47. Re1 Kd8 48. Rc1 Be2 49. Kd2 Bg4 50. Ke3 Ke7 51. Rc3 f6 52. Rb3 Rxb3+ 53. Nxb3 Bd1 54. Nxa5 Bxa4 55. Kf4 c5 56. dxc5 Ke6 57. exf6 Kxf6 58. c6 Ke6 59. c7 Kd7 60. Ke5 Kxc7 61. Kxd5 Kd7 62. Ke5 Ke7 63. Nb7 Bb5 64. Nc5 Bc6 65. Nd3 Kf7 66. Kf4 Kf6 67. Ne5 Bb5 68. Nf3 1/2-1/2

[Event "IECC KO-5061"]
[Site "IECC email"]
[Date "2007.10.26"]
[Round "?"]
[White "Servera, Jaime"]
[Black "Odendahl, Marcel"]
[Result "0-1"]
[WhiteElo "1625"]
[BlackElo "1606"]
[PlyCount "104"]
[EventDate "2007.??.??"]
[EventType "match (corr)"]
[EventRounds "2"]
[SourceTitle "Corr 2020"]
[Source "ChessBase"]
[SourceDate "2019.09.30"]
[SourceVersion "1"]
[SourceVersionDate "2019.09.30"]
[SourceQuality "1"]
[WhiteTeam "Spain"]
[BlackTeam "Germany"]
[WhiteTeamCountry "ESP"]
[BlackTeamCountry "GER"]

1. e4 c5 2. Nf3 d6 3. d4 Nf6 4. Nc3 cxd4 5. Nxd4 Bd7 6. Bg5 e6 7. Ndb5 Bc6 8. Qf3 a6 9. Bxf6 gxf6 10. Nd4 Bd7 11. 0-0-0 Nc6 12. Nb3 Be7 13. Kb1 b5 14. Qg3 Qb6 15. f4 b4 16. Ne2 a5 17. Qg7 Rf8 18. Qxh7 a4 19. Nbd4 a3 20. b3 Rc8 21. Rd2 Qc5 22. Qh3 Rg8 23. Nf3 Bd8 24. g3 Na7 25. Nfd4 Bb6 26. g4 e5 27. Nf5 Nb5 28. Bg2 exf4 29. Rhd1 Qe5 30. c4 bxc3 31. Rc2 Bxf5 32. exf5 Nd4 33. Nxd4 Bxd4 34. Qd3 Be3 35. Qa6 Rb8 36. Rd5 Qe7 37. Rxc3 Rxg4 38. Qe2 Rg8 39. Rb5 Qa7 40. Qc2 Rxb5 41. Rc8+ Ke7 42. Rc7+ Qxc7 43. Qxc7+ Kf8 44. Qxd6+ Kg7 45. Bf1 Rc8 46. Qxa3 Re5 47. Qa6 Rc1+ 48. Kb2 Rc7 49. a4 Bd4+ 50. Ka3 Re1 51. Qa8 Rc2 52. Kb4 Bc3+ 0-1

[Event "IECC P-4316"]
[Site "IECC email"]
[Date "2007.04.30"]
[Round "?"]
[White "Servera, Jaime"]
[Black "Ostrovskij, Jori"]
[Result "1/2-1/2"]
[WhiteElo "1547"]
[BlackElo "1693"]
[PlyCount "97"]
[EventDate "2007.??.??"]
[EventType "tourn (corr)"]
[EventRounds "1"]
[SourceTitle "Corr 2011"]
[Source "ChessBase"]
[SourceDate "2010.08.31"]
[SourceVersion "1"]
[SourceVersionDate "2010.08.31"]
[SourceQuality "1"]
[WhiteTeam "US of America"]
[BlackTeam "South Africa"]
[WhiteTeamCountry "USA"]
[BlackTeamCountry "RSA"]

1. e4 d5 2. exd5 Qxd5 3. Nc3 Qa5 4. d4 Nf6 5. Nf3 Bg4 6. h3 Bh5 7. Bb5+ c6 8. Bd3 e6 9. Bd2 Qc7 10. Qe2 Nbd7 11. 0-0-0 0-0-0 12. Kb1 Nb6 13. g4 Bg6 14. Ne4 Nxe4 15. Bxe4 Bxe4 16. Qxe4 Nc4 17. Bc1 Qb6 18. b3 Ba3 19. Bg5 Rd5 20. Qe2 h6 21. Bf4 Bd6 22. Bxd6 Nxd6 23. c4 Ra5 24. Rhe1 Qc7 25. d5 exd5 26. cxd5 Kb8 27. dxc6 bxc6 28. Qe3 Rd8 29. Qc3 g6 30. Ne5 Ra6 31. Qe3 Ka8 32. Qxh6 Nb5 33. Rxd8+ Qxd8 34. Qe3 Qa5 35. a4 Nc7 36. Nxf7 Rb6 37. Kb2 Qd5 38. Ne5 Na6 39. Rc1 Nb4 40. Rc3 Rb7 41. Nxg6 Qd1 42. Nf4 Re7 43. Qxe7 Qd2+ 44. Ka3 a5 45. Qe8+ Kb7 46. Qe2 Qxc3 47. Qd1 Qf6 48. Nh5 Qxf2 49. Qd7+ 1/2-1/2

[Event "IECC CL5-2007.08 email"]
[Site "IECC email"]
[Date "2007.04.29"]
[Round "?"]
[White "Servera, Jaime"]
[Black "Cuomo, Salvatore"]
[Result "1/2-1/2"]
[WhiteElo "1493"]
[BlackElo "1471"]
[PlyCount "64"]
[EventDate "2007.??.??"]
[EventType "tourn (corr)"]
[EventRounds "4"]
[SourceTitle "Corr 2011"]
[Source "ChessBase"]
[SourceDate "2010.08.31"]
[SourceVersion "1"]
[SourceVersionDate "2010.08.31"]
[SourceQuality "1"]
[WhiteTeam "Italy"]
[BlackTeam "Chile"]
[WhiteTeamCountry "ITA"]
[BlackTeamCountry "CHI"]

1. e4 d5 2. exd5 Qxd5 3. Nc3 Qa5 4. d4 Nf6 5. Nf3 c6 6. Bd3 Bg4 7. 0-0 e6 8. Bf4 Be7 9. Re1 0-0 10. h3 Bxf3 11. Qxf3 Nbd7 12. a3 Nd5 13. Nxd5 cxd5 14. c3 Nf6 15. Be5 Qd8 16. Qg3 Nh5 17. Qg4 g6 18. Re3 Bf6 19. Bh2 Rc8 20. Qf3 Bg7 21. a4 Nf6 22. Re2 Ne8 23. Bf4 Nd6 24. h4 h5 25. Bg5 Qd7 26. a5 Nc4 27. Bf4 a6 28. Qg3 Rc6 29. Qg5 b5 30. axb6 Rxb6 31. b4 Qc6 32. Qg3 Rc8 1/2-1/2

[Event "IECC Swiss-512.3"]
[Site "IECC email"]
[Date "2007.04.23"]
[Round "?"]
[White "Von Rosenberg, Clemens"]
[Black "Servera, Jaime"]
[Result "1/2-1/2"]
[WhiteElo "1720"]
[BlackElo "1496"]
[PlyCount "81"]
[EventDate "2007.??.??"]
[EventType "tourn (corr)"]
[EventRounds "1"]
[SourceTitle "Corr 2011"]
[Source "ChessBase"]
[SourceDate "2010.08.31"]
[SourceVersion "1"]
[SourceVersionDate "2010.08.31"]
[SourceQuality "1"]
[WhiteTeam "Czech Republic"]
[BlackTeam "US of America"]
[WhiteTeamCountry "CZE"]
[BlackTeamCountry "USA"]

1. Nf3 Nf6 2. g3 d5 3. Bg2 e6 4. 0-0 Be7 5. d3 Nc6 6. Bf4 0-0 7. c4 d4 8. Qc1 Re8 9. h3 Nh5 10. Bg5 e5 11. Bxe7 Qxe7 12. a3 a5 13. e3 Bf5 14. e4 Bd7 15. Nbd2 Nf6 16. Ne1 Be6 17. Ndf3 Nd7 18. Ng5 Nc5 19. Rb1 Bd7 20. Ngf3 f5 21. Qc2 fxe4 22. dxe4 Rf8 23. b4 axb4 24. axb4 Na4 25. b5 Nb4 26. Qb3 c5 27. bxc6 Nxc6 28. Qc2 Be6 29. Nd3 Nc3 30. Nfxe5 Nxb1 31. Rxb1 Nxe5 32. Nxe5 Bxh3 33. Bxh3 Qxe5 34. Rxb7 Ra1+ 35. Rb1 Ra3 36. Rb5 Rc3 37. Qb1 Qe7 38. Bf1 Rcf3 39. Rf5 R3xf5 40. exf5 Qd7 41. Bd3 1/2-1/2

[Event "IECC P-4286"]
[Site "IECC email"]
[Date "2007.02.07"]
[Round "?"]
[White "Ribeiro, Nuno Luis"]
[Black "Servera, Jaime"]
[Result "1-0"]
[WhiteElo "1535"]
[BlackElo "1503"]
[PlyCount "63"]
[EventDate "2007.??.??"]
[EventType "tourn (corr)"]
[EventRounds "1"]
[SourceTitle "Corr 2008"]
[Source "ChessBase"]
[SourceDate "2008.06.24"]
[SourceVersion "1"]
[SourceVersionDate "2008.06.24"]
[SourceQuality "1"]
[WhiteTeam "Portugal"]
[BlackTeam "Spain"]
[WhiteTeamCountry "POR"]
[BlackTeamCountry "ESP"]

1. d4 d5 2. c4 c6 3. Nf3 Nf6 4. e3 e6 5. Bd3 Nbd7 6. b3 Bd6 7. Bb2 e5 8. dxe5 Nxe5 9. Nxe5 Bxe5 10. Bxe5 Qe7 11. Bb2 dxc4 12. Bxc4 0-0 13. 0-0 Rd8 14. Qf3 Qe4 15. Be2 Bf5 16. Bxf6 Qxf3 17. Bxf3 gxf6 18. Na3 Rd7 19. Rfd1 Rad8 20. Rxd7 Rxd7 21. Rd1 Rxd1+ 22. Bxd1 Be6 23. Nc4 b5 24. Nd6 Kf8 25. Bc2 Ke7 26. Nf5+ Bxf5 27. Bxf5 h6 28. f3 c5 29. Bd3 b4 30. Kf2 Ke6 31. Kg3 Ke5 32. f4+ 1-0

[Event "IECC CL5-2006.19 email"]
[Site "IECC email"]
[Date "2006.10.28"]
[Round "?"]
[White "Melo, Olavo"]
[Black "Servera, Jaime"]
[Result "0-1"]
[WhiteElo "1500"]
[BlackElo "1472"]
[PlyCount "72"]
[EventDate "2006.??.??"]
[EventType "tourn (corr)"]
[EventRounds "4"]
[SourceTitle "Corr 2008"]
[Source "ChessBase"]
[SourceDate "2008.06.24"]
[SourceVersion "1"]
[SourceVersionDate "2008.06.24"]
[SourceQuality "1"]

1. Nf3 d5 2. d4 Nf6 3. c4 e6 4. Nc3 Nc6 5. Bg5 Bb4 6. e3 h6 7. Bxf6 Qxf6 8. Rc1 0-0 9. cxd5 exd5 10. Qb3 Qg6 11. a3 Bxc3+ 12. Qxc3 Bg4 13. Be2 Rfe8 14. 0-0 Bh3 15. Ne1 Rad8 16. Bf3 Bf5 17. Qb3 Na5 18. Qb4 Qb6 19. Qxb6 cxb6 20. Rc7 Rd6 21. Nc2 Rc6 22. Rxc6 bxc6 23. Nb4 Bd7 24. Nd3 Nc4 25. Rc1 Kf8 26. b3 Nd2 27. Ne5 Nxf3+ 28. Nxf3 f6 29. b4 Ra8 30. Kf1 a5 31. bxa5 Rxa5 32. Rb1 c5 33. Rxb6 c4 34. Ke2 Rxa3 35. Rd6 Ra2+ 36. Ke1 Ba4 0-1

[Event "IECC CL5-2006.19 email"]
[Site "IECC email"]
[Date "2006.10.28"]
[Round "?"]
[White "Von Rosenberg, Clemens"]
[Black "Servera, Jaime"]
[Result "1/2-1/2"]
[WhiteElo "1507"]
[BlackElo "1470"]
[PlyCount "59"]
[EventDate "2006.??.??"]
[EventType "tourn (corr)"]
[EventRounds "4"]
[SourceTitle "Corr 2015"]
[Source "ChessBase"]
[SourceDate "2015.07.17"]
[SourceVersion "1"]
[SourceVersionDate "2015.07.17"]
[SourceQuality "1"]
[WhiteTeam "Germany"]
[BlackTeam "Spain"]
[WhiteTeamCountry "GER"]
[BlackTeamCountry "ESP"]

1. e4 c5 2. Nf3 d6 3. d4 cxd4 4. Nxd4 Nf6 5. Nc3 e5 6. Bb5+ Bd7 7. Bxd7+ Qxd7 8. Nb3 Nc6 9. 0-0 Be7 10. Be3 0-0 11. f3 Rac8 12. Qd2 Rfd8 13. Nd5 b6 14. c4 Nxd5 15. cxd5 Nb8 16. Rac1 Na6 17. Rxc8 Rxc8 18. Rc1 Nc5 19. Na1 Rc7 20. Qe2 Qa4 21. a3 Qd7 22. b3 h6 23. Rc3 f5 24. Qc2 fxe4 25. fxe4 a5 26. b4 axb4 27. axb4 Ra7 28. Nb3 Nxb3 29. Rxb3 Bd8 30. h3 1/2-1/2